000 00323nam a2200133Ia 4500
008 200103s9999||||xx |||||||||||||| ||und||
040 _aIMU-MPC
082 _aColumn-22
100 _aLove, Clyde E.
245 0 _aDifferential and integral calculus
260 _bMacmillan, London
_c1962
300 _axvii, 579
942 _cBK
999 _c6664
_d6664